Countries without the letters in “FUCK LOVE” - Statistics

General Stats
  • This quiz has been taken 15 times
  • The average score is 6 of 17
Answer Stats
Country % Correct
Qatar
58%
Ghana
50%
Haiti
50%
India
50%
Japan
50%
Spain
50%
Iran
42%
Iraq
42%
Panama
42%
Bahamas
33%
Bahrain
33%
Rwanda
25%
Gambia
17%
Syria
17%
Tanzania
17%
Myanmar
8%
Nambia
0%
No matching quizzes found
Score Distribution
Percent of People with Each Score
Percentile by Number Answered
Your Score History
You have not taken this quiz